[Event "OP-2012-0-02000"]
[Site "LSS email"]
[Date "2012.01.14"]
[Round "?"]
[White "Arriola, Gabriel"]
[Black "Lauer, Fredric"]
[Result "1/2-1/2"]
[WhiteElo "1028"]
[BlackElo "1032"]
[PlyCount "166"]
[EventDate "2012.01.11"]
[EventType "tourn (corr)"]
[EventRounds "4"]
[EventCountry "GER"]
[SourceTitle "Telechess CBM 157"]
[Source "ChessBase"]
[SourceDate "2013.11.12"]
[SourceVersion "1"]
[SourceVersionDate "2013.11.12"]
[SourceQuality "1"]

1. e4 c5 2. c4 Nc6 3. Nf3 d6 4. Nc3 g6 5. a3 Bg7 6. Be2 Nf6 7. d3 0-0 8. 0-0 Bg4 9. Be3 e5 10. Ng5 Bxe2 11. Qxe2 Nd4 12. Bxd4 cxd4 13. Nb1 h6 14. Nf3 Kh7 15. h3 Qd7 16. Nh4 b5 17. Nd2 bxc4 18. dxc4 Rfc8 19. Rac1 Rab8 20. b3 a5 21. f4 Nh5 22. Qf3 Nxf4 23. g4 Rb7 24. Ng2 g5 25. Nxf4 gxf4 26. Kf2 a4 27. b4 Qe7 28. Ke2 Qh4 29. Rh1 Kg8 30. Qd3 Rbc7 31. Nf3 Qe7 32. Rhg1 Qe6 33. Nd2 Bf6 34. Rc2 Bg5 35. Kf3 Kf8 36. Rh1 Bh4 37. Rhc1 h5 38. c5 dxc5 39. Rxc5 Rxc5 40. bxc5 hxg4+ 41. hxg4 Be7 42. c6 Rxc6 43. Rxc6 Qxc6 44. Qc4 Qxc4 45. Nxc4 f6 46. Nb6 Bxa3 47. Nxa4 Kf7 48. Nb6 Kg6 49. Nd5 Bc5 50. Nc7 Bb6 51. Nd5 Bd8 52. Nb4 Ba5 53. Nd3 Kg5 54. Nf2 Bd2 55. Nd3 Be3 56. Nc5 Kg6 57. Nd3 Kg5 58. Nb2 Kh4 59. Nd3 Bd2 60. Nc5 Bb4 61. Nd3 Ba3 62. Ne1 Kg5 63. Nd3 Kg6 64. Ne1 Kf7 65. Ke2 Ke7 66. Nf3 Kd6 67. Kd3 Kc5 68. g5 fxg5 69. Nxg5 Kd6 70. Nf3 Bc1 71. Kc2 Be3 72. Kd3 Ke6 73. Kc2 Kf6 74. Kd3 Bc1 75. Ke2 Ba3 76. Ne1 Bd6 77. Nf3 Kg6 78. Ne1 Kg5 79. Kf3 Kh4 80. Ng2+ Kh3 81. Ne1 Kh2 82. Kf2 Be7 83. Nf3+ Kh3 1/2-1/2

[Event "OP-2012-0-02000"]
[Site "LSS email"]
[Date "2012.01.14"]
[Round "?"]
[White "Vontina, Maria"]
[Black "Arriola, Gabriel"]
[Result "0-1"]
[WhiteElo "758"]
[BlackElo "1028"]
[PlyCount "120"]
[EventDate "2012.01.11"]
[EventType "tourn (corr)"]
[EventRounds "4"]
[EventCountry "GER"]
[SourceTitle "Telechess CBM 157"]
[Source "ChessBase"]
[SourceDate "2013.11.12"]
[SourceVersion "1"]
[SourceVersionDate "2013.11.12"]
[SourceQuality "1"]

1. e4 e5 2. Nf3 d6 3. d4 Bg4 4. dxe5 Bxf3 5. Qxf3 dxe5 6. Bc4 Qe7 7. 0-0 Nf6 8. Bg5 h6 9. Be3 Nc6 10. c3 a6 11. Na3 g6 12. Rad1 Bg7 13. Nc2 0-0 14. h3 Rad8 15. a3 Rxd1 16. Rxd1 Rd8 17. Rxd8+ Nxd8 18. Kf1 b5 19. Bb3 c5 20. Ne1 c4 21. Bc2 Nh5 22. Qe2 Ne6 23. Bd1 Nef4 24. Qd2 g5 25. Bg4 Nf6 26. Bf5 Bf8 27. Nc2 a5 28. Bb6 a4 29. Ba5 Qb7 30. Bd8 Nxe4 31. Bxe4 Qxe4 32. Ne3 Nd3 33. f3 Qg6 34. Ng4 Bg7 35. Qe2 f5 36. Nf2 Qd6 37. Ba5 Nxf2 38. Kxf2 f4 39. Bb4 Qb6+ 40. Kf1 Kh7 41. Qe4+ Qg6 42. Qxg6+ Kxg6 43. Ke2 Kf5 44. Bc5 e4 45. fxe4+ Kxe4 46. Bf2 h5 47. Bc5 Bf6 48. Bf2 g4 49. hxg4 hxg4 50. Bc5 Be5 51. Bb6 f3+ 52. gxf3+ gxf3+ 53. Kf2 Bf4 54. Bc5 Bc1 55. Bb4 Be3+ 56. Kf1 f2 57. Be7 Kd3 58. Bh4 Kc2 59. Bxf2 Bxf2 60. Kxf2 Kxb2 0-1

[Event "OP-2011-0-01932"]
[Site "LSS email"]
[Date "2011.12.12"]
[Round "?"]
[White "Arriola, Gabriel"]
[Black "Lubas, Jozef"]
[Result "0-1"]
[WhiteElo "1046"]
[BlackElo "2255"]
[PlyCount "56"]
[EventDate "2011.12.08"]
[EventType "tourn (corr)"]
[EventRounds "4"]
[EventCountry "GER"]
[SourceTitle "Telechess CBM 157"]
[Source "ChessBase"]
[SourceDate "2013.11.12"]
[SourceVersion "1"]
[SourceVersionDate "2013.11.12"]
[SourceQuality "1"]

1. e4 e5 2. Nf3 Nc6 3. Nc3 Nf6 4. Bb5 Bc5 5. 0-0 0-0 6. Nd5 Nxe4 7. Qe2 Nd6 8. Bxc6 dxc6 9. Nc3 Re8 10. Ne4 Nxe4 11. Qxe4 f5 12. Qc4+ Qd5 13. Qe2 e4 14. c4 Qd8 15. Ne1 Be6 16. Nc2 Qd3 17. Qxd3 exd3 18. Ne3 f4 19. Nd1 Bxc4 20. b3 Bf7 21. Bb2 Re2 22. Bc3 Rd8 23. Nb2 f3 24. gxf3 Rd6 25. Na4 Rg6+ 26. Kh1 Bd5 27. h4 Bxf3+ 28. Kh2 Bd6+ 0-1

[Event "OP-2011-0-01932"]
[Site "LSS email"]
[Date "2011.12.12"]
[Round "?"]
[White "Cherry, Brian"]
[Black "Arriola, Gabriel"]
[Result "0-1"]
[WhiteElo "696"]
[BlackElo "1046"]
[PlyCount "150"]
[EventDate "2011.12.08"]
[EventType "tourn (corr)"]
[EventRounds "4"]
[EventCountry "GER"]
[SourceTitle "Telechess CBM 157"]
[Source "ChessBase"]
[SourceDate "2013.11.12"]
[SourceVersion "1"]
[SourceVersionDate "2013.11.12"]
[SourceQuality "1"]

1. d4 d5 2. Nc3 Nf6 3. Bg5 Nc6 4. e3 h6 5. Bf4 e6 6. Nb5 Bd6 7. Nxd6+ cxd6 8. Bb5 Bd7 9. Bxd6 Nb4 10. Bxd7+ Qxd7 11. Bxb4 Qb5 12. c3 a5 13. Bd6 Ne4 14. Qe2 Nxd6 15. Qxb5+ Nxb5 16. Nf3 f6 17. 0-0 0-0 18. Rfc1 Rac8 19. Nd2 Nd6 20. Rc2 b5 21. Nb3 a4 22. Nc5 e5 23. dxe5 fxe5 24. Nd3 e4 25. Nb4 Rf5 26. b3 Kh7 27. h3 h5 28. Rd1 axb3 29. axb3 Rc5 30. Rcd2 Rxc3 31. Rxd5 Rxd5 32. Rxd5 Rxb3 33. Rxh5+ Kg6 34. Rd5 Rxb4 35. Rxd6+ Kf5 36. Rd8 Rb1+ 37. Kh2 b4 38. Rb8 b3 39. g4+ Ke6 40. Kg3 g5 41. f4 exf3 42. Kxf3 Kd5 43. Kg3 Kc4 44. e4 b2 45. e5 Rg1+ 46. Kf3 b1Q 47. Rxb1 Rxb1 48. Ke4 Rf1 49. e6 Rh1 50. Kf5 Kd5 51. e7 Re1 52. Kf6 Kd6 53. Kxg5 Kxe7 54. h4 Kf7 55. h5 Kg7 56. h6+ Kh7 57. Kh5 Rh1+ 58. Kg5 Rxh6 59. Kf5 Ra6 60. Kg5 Kg7 61. Kh4 Kg6 62. Kg3 Kg5 63. Kh3 Ra3+ 64. Kg2 Kxg4 65. Kf2 Kf4 66. Ke2 Ke4 67. Kd2 Kd4 68. Ke2 Rh3 69. Kd2 Rh2+ 70. Ke1 Kd3 71. Kf1 Ke3 72. Kg1 Rb2 73. Kf1 Ra2 74. Kg1 Kf3 75. Kh1 Kg3 0-1